000 01241cam a22002054a 4500
005 20250605164208.0
008 250528s ||||||||||||||||||||||||d
035 _a20121
020 _a748732845
040 _aGR-AtMCL
_bgre
_dGR-AtMCL
_eAACR2
245 1 _aPhysiotherapy in Respiratory Care / A Problem-Solving Approach to Respiratory and Cardiac Management
250 _a2nd
260 _bStanley Thornes (Publishers) Ltd,
_c1996
300 _a374
520 _aThe bulk of the book is devoted to physiotherapy management and its rationale, based on the three main problems: reduced lung volume, breathlessness and sputum retention. Preface, Acknowledgements, Assessment of the Respiratory Patient, Respiratory Disorders, General Management, Physiotherapy Management, Management of Breathlessness and Pulmonary Rehabilitation, Physiotherapy for Specific Groups of People, Intensive Care, Physiotherapy in Intensive Care, Conditions in Intensive Care, Physiotherapy for Children and Infants, Evaluation of Chest Physiotherapy, Glossary of Definitions and Abbreviations and Symbols and Normal Values, Further Reading, References, Index.
700 1 _aHough Alexandra
_94103
942 _cBK
999 _c5260
_d5260